000 01136nas a2200373 4500
001 BR2010005869
003 BR-BrBNA
005 20231205114800.0
007 ta
008 230509b bl.|||p| |||| 00| 00por d
040 _aBR-BrBNA
_bpor
_cBiblioteca Nacional de Agricultura
041 _a(Pt)
072 _aL02; L01
100 1 _aMenezes, L.F.G.
100 1 _aSegabinazzi, L.R.
100 1 _aBrondani, I.L.
100 1 _aRestle, J.
100 1 _aArboitte, M.Z.
100 1 _aKuss, F.
100 1 _aPacheco, P.S.
100 1 _aRosa, J.R.P.
245 1 _aSilagem de milho e grão de sorgo como suplementos para vacas de descarte terminadas em pastagem cultivada de estação fria
650 _aGADO CHAROLÊS
650 _aGADO NELORE
650 _aCARCAÇA
650 _aSUPLEMENTO ALIMENTAR
650 _aSILAGEM
650 _aMILHO
650 _aPASTAGEM
650 _aNUTRIÇÃO ANIMAL
773 0 _tArquivo Brasileiro de Medicina Veterinária e Zootecnia (Brazil)
_xISSN 0102-0935
_g(Feb 2009), v. 61(1) p. 182-189
_wBR2010005869
909 _a202311
_bLúcia
_c55
_dLúcia Elande
942 _2AGRIS
_n0
_cANA
999 _c210464
_d210464